000 01159nam a22003497a 4500
003 OSt
005 20231004160346.0
008 221006b |||||||| |||| 00| 0 eng d
040 _cBiblioteca Lado V
082 _a709.05
_bF593u
100 _9832
_aFlecha, Mario
_eeditor
245 _aUntitled/
260 _bArts Councill England
_c1999
_aLondres
300 _c28x39cm
_a36p.
366 _eeng
490 _a20
_vAUTUMN
505 _aFEATURES
505 _aWRITERS PROJECT
505 _aARTIST PROJECT
505 _aREVIEWS
505 _aCARTOON
650 _2Tesauro de Arte & Arquitectura
_aARTE
_9703
650 _2Tesauro de Arte & Arquitectura
_aPINTURA
650 _2Tesauro de Arte & Arquitectura
_aFOTOGRAFIA
_9702
650 _2Tesauro de Arte & Arquitectura
_aENTREVISTAS
650 _2Tesauro de Arte & Arquitectura
_aMISCELANEA
650 _2Tesauro de Arte & Arquitectura
_aPROYECTOS DE ARTE
650 _2Tesauro de Arte & Arquitectura
_aINGLES
650 _2Tesauro de Arte & Arquitectura
_aARTE CONTEMPORANEO
651 _2Tesauro de Arte & Arquitectura
_aLONDRES
942 _2ddc
_c1
_h709.05
_iF593u
_n0
999 _c4471
_d4471